| 000 | 005910000a22001810004500 | ||
|---|---|---|---|
| 003 | MACL | ||
| 005 | 20160226123518.0 | ||
| 008 | 160226b xxu||||| |||| 00| 0 eng d | ||
| 040 |
_aMACL _cMACL |
||
| 041 | _aHindi | ||
| 082 | _a800 | ||
| 100 |
_aडॉ चन्द्रशेखर _938835 |
||
| 245 | _aरीतिमुक्त कविता मुक्त रचना विधान | ||
| 260 |
_bभारतीय ग्रन्थ निकेतन _c1979 _aदिल्ली |
||
| 350 | _a40 | ||
| 650 |
_aLiteracture _939932 |
||
| 942 |
_cHIN _k800 _2ddc |
||
| 999 |
_c27645 _d27645 |
||